| 000 | 01304cam a22003734a 4500 | ||
|---|---|---|---|
| 001 | 15441907 | ||
| 003 | OSt | ||
| 005 | 20140310182752.0 | ||
| 008 | 080908s2008 ph a b 101 0 eng | ||
| 010 | _a 2008337259 | ||
| 020 | _a9789715505536 | ||
| 040 |
_aDLC _cDLC _dDLC |
||
| 042 | _alcode | ||
| 043 | _aa-ph--- | ||
| 050 | 0 | 0 |
_aDS686.5 _b.R982 2008 |
| 082 |
_2FIL 959.905 _bB867 2008 |
||
| 245 | 0 | 0 |
_aBrokering a revolution _bcadres in a Philippine insurgency _cRutten, Rosanne |
| 260 |
_aQuezon City _bAteneo de Manila University Press _cc2008 |
||
| 300 |
_a400 p. _bill. _c24 cm. |
||
| 490 | 0 | _aGovernance and political change | |
| 504 | _aIncludes bibliographical references and index. | ||
| 521 | _aCollege Student | ||
| 526 | _c1210L-1700L | ||
| 541 | _j1 | ||
| 562 | _e1 | ||
| 610 | 2 | 0 | _aCommunist Party of the Philippines (1967- ) |
| 610 | 2 | 0 | _aNew People's Army (Philippines) |
| 650 | 0 |
_aInsurgency _zPhilippines _xHistory _y20th century. |
|
| 651 | 0 |
_aPhilippines _xPolitics and government _y1946- |
|
| 700 | 1 | _aRutten, Rosanne. | |
| 906 |
_a7 _bcbc _corigode _d3 _encip _f20 _gy-gencatlg |
||
| 942 |
_2lcc _cBK-FIL _kFIL |
||
| 999 |
_c15763 _d15763 |
||